000 01402cam a2200265 4500
001 ABS63005
008 000000n2000 000 0 eng u
035 _a(Sirsi) u108926
100 _aTaylor, P
245 _aExpert or arbitrator - drafting for dispute resolution
260 _c2000
490 _aRent Review and Lease Renewal
_v (3) September 2000, 131-155(13)
520 _aLooks at how disputes should be dealt with. For many years rent reviews have provided for disputes to be referred to an independent third party. Considers whether leases should contain a binding mechanism for the resolution of disputes. If there is a dispute resolution provision it will normally turn on the question of independent advisor or arbitrator. To help the non-litigator, discusses the options available. Looks at ADR, litigation, adjudication, independent experts, arbitration and Arbitration Act 1996 s34. Finally, compares the principal characteristics of expert and arbitrator.
590 _aABS
650 _aRENT REVIEWS
650 _aLEASE RENEWAL
650 _aMANAGEMENT-DISPUTE AVOIDANCE, MANAGEMENT AND RESOLUTION-DISPUTE MANAGEMENT AND RESOLUTION-ARBITRATION
650 _aLITIGATION
650 _aINDEPENDENT EXPERTS
650 _aARBITRATION ACT 1996
650 _aDRAFTING
650 _aALTERNATIVE DISPUTE RESOLUTION
690 _aDispute resolution
_96236
942 _n0
999 _c65034
_d65034